Mario Kart Wii Tracks - Statistics

General Stats
  • This quiz has been taken 2,121 times
  • The average score is 22 of 32
Answer Stats
Cup Track % Correct
Special Rainbow Road
94%
Leaf GBA Bowser Castle 3
90%
Lightning N64 Bowser's Castle
90%
Special Bowser's Castle
89%
Leaf GCN Mario Circuit
87%
Mushroom Luigi Circuit
87%
Flower Mario Circuit
87%
Lightning SNES Mario Circuit 3
87%
Flower Coconut Mall
82%
Mushroom Moo Moo Meadows
81%
Mushroom Mushroom Gorge
81%
Mushroom Toad's Factory
80%
Flower Wario's Gold Mine
73%
Star Daisy Circuit
72%
Star Maple Treeway
71%
Star Koopa Cape
70%
Flower DK's Snowboard Cross/DK Summit
69%
Special Moonview Highway
64%
Star Grumble Volcano
62%
Shell DS Yoshi Falls
61%
Shell GCN Peach Beach
60%
Lightning GCN DK Mountain
59%
Special Dry Dry Ruins
57%
Banana GCN Waluigi Stadium
57%
Lightning DS Peach Gardens
55%
Banana DS Delfino Square
54%
Banana GBA Shy Guy Beach
49%
Shell SNES Ghost Valley 2
46%
Banana N64 Sherbet Land
45%
Shell N64 Mario Raceway
42%
Leaf N64 DK's Jungle Parkway
37%
Leaf DS Desert Hills
34%
No matching quizzes found
Score Distribution
Percent of People with Each Score
Percentile by Number Answered
Your Score History
You have not taken this quiz